Top 25 Superheroes of All-Time - Statistics

General Stats
  • This quiz has been taken 453 times
  • The average score is 20 of 25
Answer Stats
Rank Superhero Real Name Universe Hero Group Power % Correct
#1 Batman Bruce Wayne DC Universe Justice League None
100%
#2 Spider-Man Peter Parker Marvel The Avengers (Comic Books) Wall Climbing
100%
#3 Superman Clark Kent DC Universe Justice League Flying
100%
#7 Iron Man Tony Stark Marvel The Avengers None
99%
#5 The Hulk Bruce Banner Marvel The Avengers Super Strength
97%
#4 Captain America Steve Rodgers Marvel The Avengers Super Strength
96%
#8 The Flash Barry Allen DC Universe Justice League Super Speed
96%
#11 Wonder Woman Princess Diana DC Universe Justice League Amazon Warrior
94%
#9 Thor N/A Marvel The Avengers God
91%
#6 Wolverine James Howlett Marvel The X-Men Regeneration
90%
#19 Deadpool Wade Wilson Marvel Heroes for Hire Regeneration
86%
#18 Hawkeye Clinton Barton Marvel The Avengers None
85%
#16 Robin Jason Todd DC Universe Teen Titans None
82%
#25 Human Torch Johnny Storm Marcel Fantastic Four Heat Absorption
80%
#14 Catwoman Selina Kyle DC Universe Injustice League None
79%
#15 Daredevil Matthew Murdock Marvel The New Avengers Super Senses
76%
#13 Green Arrow Oliver Queen DC Universe The Outsiders None
74%
#20 Oracle Barbra Gordon DC Universe Justice League None
73%
#23 Aquaman Arthur Curry DC Universe Justice League Telepathy
72%
#22 Storm Ororo Munroe Marvel The X-Men Flying
72%
#17 Deathstroke Slade Wilson DC Universe Suicide Squad Super Strength
61%
#21 Martian Manhunter J'onn J'onzz DC Universe Justice League Regeneration
60%
#10 Green Lantern Alan Scott DC Universe Justice League None
58%
#12 Nightwing Jason Todd DC Universe The Outsiders None
48%
#24 Ghost Rider Carter Slade Marvel New Avengers Immortality
17%
No matching quizzes found
Score Distribution
Percent of People with Each Score
Percentile by Number Answered
Your Score History
You have not taken this quiz